000
00233 a2200097 4500
001
41364
100
_a
Mason, R
245
_a
A/C strategy and operations of the soviet air force
260
_a
London
_b
Janes
_c
090
_c
25544
_d
25544
942
_a
NUST-CAE
_c
M
_c
17274
999
_c
276437
_d
276437